01365 2200217 4500001002100000005001500021008004100036020001800077035001900095041000800114082001100122084001700133100001500150245007500165260005000240300003100290520067600321650007700997650003501074650003801109INLIS00000000000924420200508204719200508||||||||| | ||| |||| ||ind|| a9789798972553 0010-0520009244 aind0 a344.01 a344.01/FAR/p0 aIke Farida00aPerjanjian perburuhan: perjanjian kerja waktu tertentu dan outsourcing aDepokbBadan Penerbit Fakultas Hukum UIc2013 aix, 166 hlm.; 24 cmc24 cm aPenulisan buku ini difokuskan pada analisis hukum terhadap situasi terkini tentang Perjanian Kerja Waktu Tertentu (PKWT) dan Outsourcing untuk kepentingan masyarakat, khususnya pekerja, pengusaha dan pejabat pemerintah terkait untuk meninjau kembali aspek hukum dari perjanjian kerja. Buku ini ditulis berawal dari pertanyaan yang ada di pikiran penulis, mengenai aktivitas serikat pekerja yang akhir-akhir ni mengesampingkan implementasi hukum. Oleh karena itu, sebagai langkah awal penulis memilih untuk melakukan peninjauan terhadap aspek hukum perjanjian kerja, yang memfokuskan pada perjanjian kerja individual/perseorangn , dan bukan pada perjanjian kerja kolektif. 0aLabor laws and legislation – Indonesia; Employee rights – Indonesia; 0aContracting out – Indonesia; 0aIndustrial relations - Indonesia.